| 000 | 00911pam a2200301 a 4500 | ||
|---|---|---|---|
| 999 |
_c1289 _d1289 |
||
| 001 | 617738 | ||
| 003 | OSt | ||
| 005 | 20190904143131.0 | ||
| 008 | 921022s1993 paua 001 0 eng c | ||
| 010 | _a 92048888 | ||
| 020 | _a0683062417 (pbk. : alk. paper) | ||
| 040 |
_aDNLM/DLC _cDLC _dDLC |
||
| 050 | 0 | 0 |
_aRG112 _b.O37 1993 |
| 060 | _aWQ 18 O14 | ||
| 082 | 0 | 0 |
_aWQ 200 B388o 1993 _220 |
| 100 |
_aEdited by William W. Beck _912920 |
||
| 245 | 0 | 0 | _aObstetrics and Gynecology |
| 250 | _a3rd ed. | ||
| 260 |
_aPhiladelphia : _bHarwal Pub., _cc1993. |
||
| 300 |
_axix, 484 p. : _bill. ; _c26 cm. |
||
| 440 | 4 |
_aThe National medical series for independent study _91246 |
|
| 500 | _aIncludes index. | ||
| 650 | 0 |
_aGynecology _93432 |
|
| 650 | 0 |
_aObstetrics _93433 |
|
| 906 |
_a7 _bcbc _corignew _d1 _eocip _f19 _gy-gencatlg |
||
| 942 |
_2z _cSLOAN |
||